[Event "Let's Play Chess!"]
[Site "http://www.queenalice.com/game.php?id=223676"]
[Date "2007.6.12"]
[Round "-"]
[White "LaBourdonnais"]
[Black "Pluka"]
[Result "1-0"]
[WhiteElo "1922"]
[BlackElo "1829"]

1. d4 d5 2. c4 e6 3. Nc3 Bb4 4. cxd5 exd5 5. Nf3 h6 6. Bf4 Nc6 7. e3 Nf6 8. Bd3
Bg4 9. O-O Bd6 10. Bxd6 Qxd6 11. Nb5 Qd7 12. Re1 O-O 13. h3 Bh5 14. Rc1 a6 15.
Nc3 Nb4 16. Be2 Bg6 17. a3 Nc6 18. Na4 Ne4 19. Nd2 Bf5 20. Bd3 Nd6 21. e4 dxe4
22. Nxe4 Nxd4 23. Nac5 Qd8 24. Nxd6 cxd6 25. Nxb7 Qb6 26. Bxf5 Nxf5 27. Qd5 Qxb2
28. Nxd6 Ne7 29. Qc5 Qf6 30. Ne4 Qh4 31. g3 Qxh3 32. Qxe7 Rfe8 33. Qb4 a5 34.
Qb7 Rab8 35. Qc7 Rbc8 36. Qxa5 Rxc1 37. Rxc1 Rxe4 38. Qa8+ Kh7 39. Qxe4+ 1-0

[Event "Let's Play Chess!"]
[Site "http://www.queenalice.com/game.php?id=223677"]
[Date "2007.6.12"]
[Round "-"]
[White "Vul_Klandinsky38"]
[Black "LaBourdonnais"]
[Result "0-1"]
[WhiteElo "1540"]
[BlackElo "1966"]

1. e4 c5 2. Nf3 d6 3. d4 cxd4 4. Nxd4 Nf6 5. Nc3 g6 6. Be3 Bg7 7. f3 O-O 8. Bc4
Nc6 9. Qd2 Bd7 10. O-O-O Rc8 11. Bb3 Ne5 12. h4 Nc4 13. Bxc4 Rxc4 14. g4 b5 0-1

[Event "Jogo 2/10 - Placar: L=1 - I = 0"]
[Site "http://www.queenalice.com/game.php?id=227656"]
[Date "2007.6.19"]
[Round "-"]
[White "LaBourdonnais"]
[Black "iwanikow"]
[Result "1-0"]
[WhiteElo "1933"]
[BlackElo "1741"]

1. d4 d5 2. c4 dxc4 3. Nf3 Nf6 4. e3 e6 5. Bxc4 Be7 6. Nc3 O-O 7. O-O Nc6 8. b3
b6 9. Bb2 Bb7 10. Ne5 a6 11. f4 Bb4 12. Qc2 g6 13. Rad1 Qe7 14. d5 exd5 15. Nxd5
Nxd5 16. Ng4 Nxe3 17. Nh6# 1-0

[Event "Jogo 2 - Placar.: L 1 - A 0"]
[Site "http://www.queenalice.com/game.php?id=230667"]
[Date "2007.6.25"]
[Round "-"]
[White "arq40"]
[Black "LaBourdonnais"]
[Result "1-0"]
[WhiteElo "1859"]
[BlackElo "1941"]

1. e4 c5 2. Nf3 Nc6 3. d4 cxd4 4. Nxd4 Nf6 5. Nc3 d6 6. Nxc6 bxc6 7. Bc4 g6 8.
Bg5 Bg7 9. O-O O-O 10. Qd2 Re8 11. Rad1 Qc7 12. Bh6 Bh8 13. Kh1 Ng4 14. Bf4 Nf6
15. Rfe1 Rb8 16. Bb3 Bg4 17. f3 Bc8 18. e5 dxe5 19. Bxe5 Qb7 20. Bxb8 Qxb8 21.
Ne4 Nxe4 22. Rxe4 Bxb2 23. Rb1 Bf5 24. Ree1 Rd8 25. Qe2 e6 26. Rxb2 a5 27. Rbb1
Qf4 28. Rbd1 Rc8 29. Qe5 Qxe5 30. Rxe5 h5 31. Rxa5 Rc7 32. Ra8+ Kg7 33. Rad8 c5
34. R8d7 Rc8 35. c4 e5 36. R7d2 g5 37. Bc2 Be6 38. Bd3 Rc7 39. a4 Ra7 40. Ra1
Ra5 41. Rb2 Bd7 42. Be4 Ra7 43. a5 Be6 44. Bd5 Bxd5 45. cxd5 1-0

[Event "World Online Championship Match "]
[Site "http://www.queenalice.com/game.php?id=234812"]
[Date "2007.7.4"]
[Round "-"]
[White "LaBourdonnais"]
[Black "Homedepotov"]
[Result "0-1"]
[WhiteElo "1942"]
[BlackElo "1870"]

1. d4 Nf6 2. c4 e5 3. e3 exd4 4. exd4 Bb4+ 5. Bd2 Bxd2+ 6. Nxd2 O-O 7. Ngf3 Re8+
8. Be2 d5 9. O-O c6 10. Rc1 Nbd7 11. h3 Qb6 12. b3 Ne4 13. cxd5 cxd5 14. Qc2
Nxd2 15. Nxd2 Rxe2 16. Rfe1 Qe6 17. Rxe2 Qxe2 18. b4 Nf6 19. Nf3 Qxc2 20. Rxc2
Ne8 21. Re2 Kf8 22. Re5 Nf6 23. Nd2 Be6 24. a4 Rc8 25. Nb3 Rc4 26. Nc5 Rxb4 27.
Nxe6+ fxe6 28. Rxe6 Rxd4 29. Rd6 Rxa4 30. g4 h6 31. Rd8+ Ke7 0-1

[Event "L x I = 1 a 0"]
[Site "http://www.queenalice.com/game.php?id=235268"]
[Date "2007.7.5"]
[Round "-"]
[White "iwanikow"]
[Black "LaBourdonnais"]
[Result "0-1"]
[WhiteElo "1701"]
[BlackElo "1922"]

1. c4 f5 2. d3 Nf6 3. Nc3 e6 4. Bg5 Be7 5. g3 O-O 6. Bg2 c6 7. Nf3 d5 8. cxd5
cxd5 9. O-O Nc6 10. a4 Qb6 11. b3 Bd7 12. Rb1 a5 13. e3 Rac8 14. Ne2 Nb4 15. d4
Rc2 16. Re1 Rfc8 17. Nd2 Nd3 18. Rf1 Bb4 19. Nf3 Nb2 20. Rxb2 Rxb2 21. Ne5 Ne4
22. Nxd7 Qd6 23. Ne5 Rd2 24. Qe1 Nxg5 25. Nf4 Rcc2 26. Qa1 Qc7 27. Nxe6 Nxe6 28.
Bxd5 Qc8 29. e4 Kf8 30. exf5 Nxd4 31. Nf3 Ne2+ 32. Kg2 Rxd5 33. f6 Nf4+ 34. Kh1
Qh3 35. fxg7+ Kg8 36. Ne1 Qxf1# 0-1

[Event "Let's Play Chess!"]
[Site "http://www.queenalice.com/game.php?id=235803"]
[Date "2007.7.7"]
[Round "-"]
[White "ChrisDavison102"]
[Black "LaBourdonnais"]
[Result "0-1"]
[WhiteElo "1875"]
[BlackElo "1959"]

1. e4 c5 2. Nf3 d6 3. c3 Nf6 4. Be2 g6 5. O-O Bg7 6. h3 O-O 7. d3 Nc6 8. Be3 Qc7
9. Nbd2 Be6 10. Nh2 d5 11. exd5 Nxd5 12. Bg4 f5 13. Bf3 Be5 14. g3 Bxg3 15. fxg3
Qxg3+ 16. Kh1 Nxe3 17. Qe1 f4 18. Qxg3 fxg3 19. Rfe1 Nc2 20. Rxe6 Nxa1 21. Ng4
h5 22. Ne3 Kf7 23. Re4 Rad8 24. Be2 Kg7 25. Nf3 e5 26. Kg2 Rf4 27. Kxg3 h4+ 28.
Nxh4 Nc2 29. Nxc2 Rxe4 30. dxe4 Rd2 31. b4 Rxe2 32. Na3 Rxa2 33. Nc4 Rc2 34. Nd6
Rxc3+ 35. Kg4 cxb4 36. Nxb7 b3 0-1

[Event "1 a 1"]
[Site "http://www.queenalice.com/game.php?id=239585"]
[Date "2007.7.13"]
[Round "-"]
[White "LaBourdonnais"]
[Black "arq40"]
[Result "1-0"]
[WhiteElo "1946"]
[BlackElo "1878"]

1. d4 d5 2. c4 e6 3. Nf3 Nf6 4. Nc3 Be7 5. Bf4 c6 6. e3 O-O 7. cxd5 exd5 8. Bd3
Nbd7 9. O-O Re8 10. h3 h6 11. Rc1 Bb4 12. a3 Bxc3 13. Rxc3 Ne4 14. Rc1 f5 15.
Ne5 g5 16. Bh2 Ndf6 17. f3 Nd6 18. Qe1 Qe7 19. Qg3 Nh5 20. Qf2 Qf6 21. g4 Ng7
22. Kh1 fxg4 23. fxg4 Qxf2 24. Rxf2 Ne4 25. Rf7 Rf8 26. Rcf1 Rxf7 27. Rxf7 Be6
28. Rxb7 Rf8 29. Bxe4 Rf1+ 30. Kg2 Re1 31. Bg6 Re2+ 32. Kg1 1-0

[Event "Challenge"]
[Site "http://www.queenalice.com/game.php?id=242484"]
[Date "2007.7.19"]
[Round "-"]
[White "arq40"]
[Black "LaBourdonnais"]
[Result "1-0"]
[WhiteElo "1865"]
[BlackElo "1972"]

1. e4 c5 2. Nf3 d6 3. d4 cxd4 4. Nxd4 Nf6 5. Nc3 g6 6. Bc4 Bg7 7. Bg5 O-O 8. O-O
Nc6 9. Nxc6 bxc6 10. Qd2 Nxe4 11. Nxe4 d5 12. Bd3 dxe4 13. Bxe4 Qxd2 14. Bxd2
Bxb2 15. Rab1 Rb8 16. Bxc6 Bf5 17. Ba4 Rb7 18. Bb3 Rd8 19. Be3 Bg7 20. Bxf7+
Kxf7 21. Rxb7 Bxc2 22. Rxa7 Rd5 23. a4 Rd3 24. Bc5 Bf6 25. Re1 Rd2 26. Bxe7 Bxe7
27. Raxe7+ Kg8 28. Ra7 Rd8 29. a5 Be4 30. Re7 Bc6 31. a6 Ra8 32. a7 Rd8 33. Rc7
Be4 34. h3 Ba8 35. Rb1 1-0

[Event "é tudo ou nada!"]
[Site "http://www.queenalice.com/game.php?id=244385"]
[Date "2007.7.23"]
[Round "-"]
[White "arq40"]
[Black "LaBourdonnais"]
[Result "1/2-1/2"]
[WhiteElo "1860"]
[BlackElo "1952"]

1. e4 e5 2. Nf3 Nc6 3. Bc4 Bc5 4. Nc3 Nf6 5. a3 O-O 6. d3 b6 7. Bg5 h6 8. Bh4
Bb7 9. Nd5 Be7 10. Nxe7+ Qxe7 11. O-O g5 12. Nxg5 hxg5 13. Bxg5 Kg7 14. f4 Qc5+
15. Kh1 Nxe4 16. dxe4 Qxc4 17. Qg4 f6 18. Bh4+ Kf7 19. Qxd7+ Ne7 20. fxe5 Qxe4
21. Rxf6+ Kg8 22. Qe6+ Kh8 23. Rh6+ Kg7 24. Qxe7+ Kxh6 25. Qg5+ Kh7 26. Qe7+ Kh8
27. Bf6+ Rxf6 28. Qxf6+ Kh7 29. Qf7+ Kh6 30. Qf6+ Qg6 31. Qh4+ Kg7 1/2-1/2

[Event "Challenge"]
[Site "http://www.queenalice.com/game.php?id=248233"]
[Date "2007.7.30"]
[Round "-"]
[White "LaBourdonnais"]
[Black "jnable"]
[Result "1-0"]
[WhiteElo "1944"]
[BlackElo "2091"]

1. d4 d5 2. c4 e6 3. Nf3 Nf6 4. g3 Nbd7 5. cxd5 exd5 6. Nc3 Bb4 7. Bg2 O-O 8.
O-O c6 9. Bf4 Re8 10. Rc1 Nb6 11. Ne5 Ng4 12. e4 Nxe5 13. Bxe5 Nc4 14. exd5 Nxe5
15. dxe5 Bxc3 16. bxc3 cxd5 17. Bxd5 Rxe5 18. Bxf7+ 1-0

[Event "Challenge"]
[Site "http://www.queenalice.com/game.php?id=248782"]
[Date "2007.7.31"]
[Round "-"]
[White "LaBourdonnais"]
[Black "arq40"]
[Result "0-1"]
[WhiteElo "1962"]
[BlackElo "1864"]

1. d4 d5 2. Nf3 Nf6 3. c4 e6 4. e3 Be7 5. Nc3 Nbd7 6. Be2 O-O 7. O-O b6 8. cxd5
exd5 9. Ne5 Bb7 10. f4 c5 11. Nxd7 Qxd7 12. Bb5 Bc6 13. Bxc6 Qxc6 14. dxc5 bxc5
15. b3 d4 16. exd4 cxd4 17. Na4 Rfd8 18. Bb2 Qd7 19. Rc1 Rac8 20. Rxc8 Qxc8 21.
Qe2 Qc7 22. Rc1 Qd7 23. Kh1 d3 24. Qd2 Ne4 25. Qe1 d2 26. Qxe4 dxc1=Q+ 27. Bxc1
Qd1+ 28. Qe1 Qxe1# 0-1

[Event "Challenge"]
[Site "http://www.queenalice.com/game.php?id=251970"]
[Date "2007.8.6"]
[Round "-"]
[White "arq40"]
[Black "LaBourdonnais"]
[Result "1/2-1/2"]
[WhiteElo "1895"]
[BlackElo "1923"]

1. e4 c5 2. Nf3 d6 3. d4 cxd4 4. Nxd4 Nf6 5. Nc3 g6 6. Bc4 Bg7 7. O-O Nc6 8.
Nxc6 bxc6 9. Re1 O-O 10. Bb3 Rb8 11. Be3 c5 12. e5 Ng4 13. exd6 Nxe3 14. dxe7
Nxd1 15. exd8=Q Rxd8 16. Raxd1 Rxd1 17. Nxd1 Bf5 18. Re7 Rd8 19. Ne3 Bxb2 20.
Rxf7 Kh8 21. Rxa7 Rd2 22. Ra8+ Kg7 23. Nxf5+ gxf5 24. Kf1 c4 25. Bxc4 Rxc2 26.
Bd3 Rc5 27. a4 Bc3 28. Re8 Kf7 29. Re2 Ba5 30. g3 h6 31. Rb2 Kf6 32. Rb5 Rxb5
33. axb5 Bb6 34. f4 Bc5 35. Ke2 Bb6 36. Kf3 Bd8 37. h3 Ke6 38. g4 fxg4+ 39. hxg4
Kd5 40. Be4+ Kc4 41. Bc6 Kd3 42. f5 Kd4 43. Kf4 Bc7+ 44. Kf3 Bd8 45. f6 Bxf6 46.
b6 Bd8 47. b7 Bc7 48. Kg2 Bf4 49. Kh3 Kc5 50. Bf3 Kd4 51. Kh4 Kc5 52. Kh5 Kb6
53. b8=Q+ Bxb8 54. Kxh6 Be5 55. Kg5 Kc5 56. Kf5 Ba1 57. g5 Kd6 58. g6 Ke7 59. g7
Bxg7 1/2-1/2

[Event "With black"]
[Site "http://www.queenalice.com/game.php?id=255795"]
[Date "2007.8.15"]
[Round "-"]
[White "Homedepotov"]
[Black "LaBourdonnais"]
[Result "1/2-1/2"]
[WhiteElo "1869"]
[BlackElo "1946"]

1. d4 f5 2. c4 e6 3. Nc3 Nf6 4. Nf3 b6 5. g3 Bb7 6. Bg2 Bb4 7. O-O O-O 8. e3
Bxc3 9. bxc3 d6 10. Ba3 Nbd7 11. Qb3 c5 12. d5 exd5 13. cxd5 Bxd5 14. c4 Be6 15.
Ng5 Re8 16. Nxe6 Rxe6 17. Bxa8 Qxa8 18. f3 Ne5 19. Qd1 Nxc4 20. Bc1 Rxe3 21.
Bxe3 Nxe3 22. Qxd6 Nxf1 23. Qe6+ Kh8 24. Rxf1 Qd5 25. Qxd5 Nxd5 26. Rd1 Ne7 27.
Rd8+ Ng8 28. Ra8 c4 29. Rxa7 h6 30. Rb7 c3 31. Rc7 Nf6 32. Rxc3 Nd7 33. Rc8+ Kh7
34. Rd8 Nc5 35. Kf2 Kg6 36. Rd6+ Kf7 37. Rxb6 Nd3+ 38. Ke3 Ne5 39. Rb4 Ke6 40.
a4 Ng6 41. f4 Ne7 42. a5 Nd5+ 43. Kd4 Nxb4 44. Kc4 Nc6 45. a6 Kd6 46. Kb5 Kd5
47. Kb6 g5 48. fxg5 hxg5 49. Kb5 Kd6 50. h4 gxh4 51. gxh4 f4 52. Kc4 f3 53. Kd3
Kc7 54. h5 Kb6 55. h6 Ne7 56. h7 Ng6 57. Ke3 f2 58. Kxf2 Kxa6 59. h8=N Nxh8 60.
Ke3 Kb5 1/2-1/2

[Event "Challenge"]
[Site "http://www.queenalice.com/game.php?id=257151"]
[Date "2007.8.17"]
[Round "-"]
[White "arq40"]
[Black "LaBourdonnais"]
[Result "0-1"]
[WhiteElo "1896"]
[BlackElo "1929"]

1. e4 e5 2. Nf3 Nc6 3. Bc4 Bc5 4. Nc3 Nf6 5. a3 O-O 6. d3 d6 7. Na4 Bg4 8. h3
Bxf3 9. Qxf3 Nd4 10. Qd1 b5 11. Nxc5 bxc4 12. Na4 cxd3 13. cxd3 Rb8 14. O-O c5
15. Nc3 Re8 16. Rb1 Re7 17. f4 Reb7 18. fxe5 dxe5 19. Rf2 h6 20. Be3 Qb6 21. Na4
Qd6 22. Nc3 a5 23. Ne2 Nxe2+ 24. Qxe2 c4 25. d4 Nxe4 26. dxe5 Qg6 27. Rf4 Nc3
28. Qf1 Nxb1 29. Rg4 Qd3 30. Qf4 Rb3 31. Qxh6 Qd1+ 32. Kh2 Qxg4 33. hxg4 gxh6
34. Bxh6 Rxb2 35. Bf4 Rf2 36. e6 fxe6 37. Bxb8 c3 38. Kg3 c2 39. Kxf2 c1=Q 0-1

[Event "Com as brancas"]
[Site "http://www.queenalice.com/game.php?id=260352"]
[Date "2007.8.23"]
[Round "-"]
[White "LaBourdonnais"]
[Black "iwanikow"]
[Result "1-0"]
[WhiteElo "1943"]
[BlackElo "1685"]

1. d4 g6 2. c4 Bg7 3. Nc3 Nf6 4. e4 O-O 5. Nf3 d6 6. Be2 Nbd7 7. Bg5 c5 8. e5
dxe5 9. dxe5 Ne8 10. Bf4 e6 11. O-O Qb6 12. Qd2 f6 13. exf6 Ndxf6 14. Nb5 Ne4
15. Qe3 a6 16. Qxe4 axb5 17. cxb5 Bd7 18. a4 Bxb2 19. Ra2 Bg7 20. Be5 Nf6 21.
Qe3 Ng4 22. Qg5 Nxe5 23. Nxe5 Bxe5 24. Qxe5 Rf5 25. Qe4 Re8 26. Rd1 Bc8 27. Rad2
Qa5 28. Bc4 Kg7 29. Bxe6 Rxe6 30. Rd7+ Bxd7 31. Rxd7+ Kf6 32. Qh4+ g5 33. Qh6+
Ke5 34. f4+ gxf4 35. Qg7+ Rff6 36. Kf2 Qxa4 37. Qg5+ Ke4 38. Qd5# 1-0

[Event "é vencer ou vencer!!!"]
[Site "http://www.queenalice.com/game.php?id=260451"]
[Date "2007.8.24"]
[Round "-"]
[White "LaBourdonnais"]
[Black "arq40"]
[Result "0-1"]
[WhiteElo "1968"]
[BlackElo "1820"]

1. d4 d5 2. c4 e6 3. Nc3 Nf6 4. Bg5 Be7 5. e3 O-O 6. Nf3 h6 7. Bh4 Nbd7 8. Rc1
c6 9. Bd3 Re8 10. O-O dxc4 11. Bxc4 Nd5 12. Bxe7 Qxe7 13. e4 Nxc3 14. bxc3 Nf6
15. e5 Nd5 16. Nd2 Bd7 17. Ne4 Nb6 18. Be2 Red8 19. Nd6 Rab8 20. Rb1 Be8 21. Re1
Nc8 22. Ba6 Nxd6 23. exd6 Rxd6 24. Bd3 b6 25. f4 Qf6 26. Qd2 Rbd8 27. f5 exf5
28. Rf1 Bd7 29. Qc2 g6 30. Bc4 Be6 31. Bxe6 fxe6 32. Rf2 e5 33. dxe5 Qxe5 34.
Re2 Qc5+ 35. Kh1 Rd3 36. Rc1 Qd5 37. h3 Rxh3+ 38. Kg1 Qc5+ 39. Rf2 Rhd3 40. Qe2
Re3 41. Qc2 Rdd3 42. c4 Qd4 43. c5 Rc3 44. Qxc3 Rxc3 45. Rxc3 Qxc3 46. Re2 Kf7
47. cxb6 axb6 48. Rf2 c5 49. Kf1 Qd3+ 50. Ke1 Qb1+ 51. Ke2 Qxa2+ 52. Ke1 Qb1+
53. Ke2 c4 54. Rf3 b5 55. Rc3 Qb2+ 56. Ke3 Qxc3+ 57. Ke2 b4 0-1

[Event "De pretas"]
[Site "http://www.queenalice.com/game.php?id=291273"]
[Date "2007.10.22"]
[Round "-"]
[White "iwanikow"]
[Black "LaBourdonnais"]
[Result "1-0"]
[WhiteElo "1742"]
[BlackElo "1949"]

1. e4 c5 2. c4 Nc6 3. d3 Nf6 4. Nf3 d6 5. Be2 g6 6. O-O Bg7 7. Nc3 O-O 8. Be3
Bd7 9. a3 Rc8 10. Rc1 Qb6 11. Nd5 Nxd5 12. cxd5 Nd4 13. Nxd4 cxd4 14. Rxc8 Rxc8
15. Bg5 Qxb2 16. Bxe7 Qxa3 17. Bg4 Bxg4 18. Qxg4 Rc1 19. g3 Rxf1+ 20. Kxf1 Qxd3+
21. Kg2 f5 22. exf5 Qxf5 23. Qxf5 gxf5 24. Bxd6 a5 25. Bc5 a4 26. d6 Bf6 27. Kf3
Bd8 28. Bxd4 Kf7 29. Kf4 Ke6 30. Bc5 b5 31. f3 h6 32. g4 Ba5 33. gxf5+ Kd5 34.
f6 Kxc5 35. f7 Kxd6 36. f8=Q+ Kd5 37. Qa8+ Kc4 38. Qxa5 Kb3 39. Qxb5+ 1-0

[Event "Ano novo"]
[Site "http://www.queenalice.com/game.php?id=334407"]
[Date "2008.1.10"]
[Round "-"]
[White "LaBourdonnais"]
[Black "iwanikow"]
[Result "1-0"]
[WhiteElo "1925"]
[BlackElo "1791"]

1. d4 d5 2. c4 dxc4 3. Nf3 e6 4. e3 Nf6 5. Bxc4 Be7 6. Nc3 O-O 7. O-O c5 8. Qc2
cxd4 9. Rd1 Bd7 10. Nxd4 Nc6 11. Nf3 Qc7 12. Nb5 Qb6 13. e4 Nb4 14. Qe2 a6 15.
e5 Bxb5 16. Bxb5 axb5 17. exf6 Bxf6 18. Be3 Qa5 19. Bc5 Rfe8 20. Rd7 b6 21. Bd4
Bxd4 22. Nxd4 Rad8 23. Rxd8 Rxd8 24. Qd2 g6 25. a3 Na6 26. Qxa5 bxa5 27. Nc6 Rc8
28. Ne7+ Kg7 29. Nxc8 Nc5 30. b4 axb4 31. axb4 Nb3 32. Ra7 e5 33. Nd6 Nd2 34.
Rxf7+ Kh6 35. Nxb5 1-0

[Event "Tempos de páscoa"]
[Site "http://www.queenalice.com/game.php?id=374383"]
[Date "2008.3.20"]
[Round "-"]
[White "iwanikow"]
[Black "LaBourdonnais"]
[Result "0-1"]
[WhiteElo "1836"]
[BlackElo "1936"]

1. e4 c5 2. Nf3 d6 3. c4 Nc6 4. Be2 Nf6 5. d3 g6 6. O-O Bg7 7. Nc3 O-O 8. a3 Bd7
9. Be3 a6 10. b4 cxb4 11. axb4 Nxb4 12. Rb1 a5 13. Na4 Ra6 14. c5 Bxa4 15. Qxa4
dxc5 16. Bxc5 Nxd3 17. Bxd3 Qxd3 18. Rxb7 Nxe4 19. Bxe7 Nc3 20. Qb3 a4 21. Qb2
Ne2+ 22. Kh1 Bxb2 23. Rxb2 Re8 24. Bb4 Ng3+ 25. hxg3 Qxf1+ 26. Kh2 a3 27. Ra2
Qb1 28. Rxa3 Rxa3 29. Bxa3 Ra8 30. Be7 Qf5 31. Nh4 Qxf2 0-1

[Event "Agora de brancas"]
[Site "http://www.queenalice.com/game.php?id=400565"]
[Date "2008.5.9"]
[Round "-"]
[White "LaBourdonnais"]
[Black "iwanikow"]
[Result "1-0"]
[WhiteElo "1988"]
[BlackElo "1786"]

1. d4 d5 2. c4 dxc4 3. Nc3 e6 4. e4 Be7 5. Bxc4 Nf6 6. f4 O-O 7. Nf3 b6 8. O-O
Bb7 9. Bd3 c5 10. e5 Nd5 11. f5 exf5 12. Bxf5 cxd4 13. Nxd4 Bc5 14. Kh1 Nxc3 15.
bxc3 Qd5 16. Nf3 Qc4 17. Qe1 Nc6 18. e6 f6 19. e7 Nxe7 20. Be6+ Qxe6 21. Qxe6+
Rf7 22. Bg5 h6 23. c4 hxg5 24. Nxg5 Rf8 25. Nxf7 Rxf7 26. Rad1 1-0

[Event "Agora de pretas"]
[Site "http://www.queenalice.com/game.php?id=426753"]
[Date "2008.7.3"]
[Round "-"]
[White "iwanikow"]
[Black "LaBourdonnais"]
[Result "0-1"]
[WhiteElo "1772"]
[BlackElo "1996"]

1. d4 f5 2. Bd2 Nf6 3. e3 e6 4. Bd3 Be7 5. Nf3 O-O 6. O-O b6 7. c4 Bb7 8. Nc3
Ne4 9. a3 Qe8 10. d5 Nxd2 11. Qxd2 Qg6 12. dxe6 Bxf3 13. g3 dxe6 14. e4 Qg4 15.
Be2 fxe4 16. Bxf3 exf3 17. Nb5 Qh3 0-1